000 00664nam a2200289Ia 4500
005 20260324145616.0
008 008 260324s9999 xx 000 0 eng d
020 _a9781003609872
037 _aEBOOK
040 _aCRL
040 _beng
040 _cCRL
041 _2eng
041 _aeng
084 _qCRL
100 _aN.K. Wagle
_91223565
245 0 _aImages of Maharashtra
245 2 _bA Regional Profile of India
260 _bTaylor and Francis
260 _c1980
365 _a
365 _b135
856 _uhttp://www.taylorfrancis.com/books/9781003609872
942 _cEBOOK
999 _c1831708
_d1831708